[Event "Carlos Torre Memorial op 06th"]
[Site "Merida"]
[Date "1993.??.??"]
[Round "1"]
[White "Estrada, Rafael"]
[Black "Vega, Jorge"]
[Result "0-1"]
[WhiteElo "1715"]
[BlackElo "2280"]
[PlyCount "66"]
[EventDate "1993.12.??"]
[EventType "swiss"]
[EventRounds "9"]
[EventCountry "MEX"]
[SourceTitle "EXT 2005"]
[Source "ChessBase"]
[SourceDate "2004.11.15"]
[SourceVersion "1"]
[SourceVersionDate "2004.11.15"]
[SourceQuality "1"]

1. d4 Nf6 2. c4 g6 3. Nc3 Bg7 4. e4 0-0 5. Bd3 d6 6. Nge2 c5 7. d5 e6 8. 0-0 exd5 9. cxd5 Nbd7 10. h3 a6 11. f4 b5 12. Ng3 Re8 13. f5 c4 14. Bc2 Bb7 15. Kh1 b4 16. Nce2 Qb6 17. fxg6 hxg6 18. Rb1 Nc5 19. Be3 Qa5 20. Bxc5 Qxc5 21. b3 c3 22. Qd4 Nxe4 23. Qxc5 Nxc5 24. Rbd1 Re5 25. Nf4 Rae8 26. Nxg6 fxg6 27. Bxg6 Rf8 28. Rxf8+ Bxf8 29. Rf1 Bxd5 30. h4 Ne4 31. Nxe4 Bxe4 32. Bf7+ Kh8 33. Bc4 Bh6 0-1